Statistiken für Gemeinden des Kantons St. Gallen

Klicken Sie hier um das Quiz zu spielen!

Allgemein

  • Dieses Quiz wurde 786 mal gespielt
  • Das Durchschnittsergebnis liegt bei 45 aus 77

Antworten auf der Karte

Die Antworten werden auf der Karte rot bzw. grün angezeigt, abhängig davon wie oft sie richtig erraten wurden.
 

Antwortstatistiken

EinwohnerGemeinde% Korrekt
76'090St. Gallen
99%
24'159Wil
95%
27'277Rapperswil-Jona
90%
6'200Sargans
85%
18'108Gossau
84%
5'705Walenstadt
84%
9'438Rorschach
82%
12'861Buchs
81%
13'129Uzwil
81%
10'425Flawil
79%
5'960St. Margrethen
77%
6'264Bad Ragaz
75%
11'877Altstätten
74%
8'561Mels
73%
4'889Flums
71%
6'489Uznach
70%
8'761Wattwil
69%
2'606Wildhaus-
Alt. St Johann
68%
6'465Diepoldsau
66%
3'766Schmerikon
65%
1'823Amden
62%
2'949Quarten
62%
5'112Sevelen
62%
1'717Weesen
62%
5'001Ebnat-Kappel
61%
7'147Grabs
61%
7'382Rorschacherberg
61%
7'809Au
60%
8'979Oberriet
60%
3'398Rheineck
59%
3'550Gams
58%
3'545Nesslau
58%
6'403Oberuzwil
56%
9'504Goldach
54%
9'756Widnau
54%
9'706Wittenbach
54%
9'584Eschenbach
53%
3'658Mörschwil
53%
5'218Gommiswald
52%
2'847Mosnang
52%
1'556Pfäfers
52%
2'412Rüthi
52%
3'876Schänis
52%
5'665Sennwald
52%
4'884Vilters-Wangs
52%
4'792Zuzwil
52%
2'982Benken
51%
3'936Berneck
51%
4'924Kaltbrunn
51%
9'100Kirchberg
51%
6'565Thal
51%
1'896Lichtensteig
50%
851Berg
48%
4'987Bütschwil-
Ganterschwil
48%
1'220Muolen
48%
4'542Oberbüren
48%
4'533Rebstein
48%
3'608Steinach
48%
3'533Waldkirch
48%
4'891Balgach
47%
4'121Degersheim
47%
2'110Marbach
47%
1'505Niederbüren
46%
1'999Andwil
45%
4'044Neckertal
45%
3'136Niederhelfenschwil
45%
1'251Oberhelfenschwil
45%
2'339Eggersriet
44%
8'327Gaiserwald
43%
5'295Wartau
43%
1'606Lütisburg
42%
1'438Tübach
42%
1'520Eichberg
41%
902Hemberg
41%
3'834Jonschwil
41%
1'046Untereggen
39%
1'390Häggenschwil
38%

Verteilung der Resultate

Perzentil nach korrekt beantworteten Fragen

Anzahl Personen mit jedem Resultat

Ihre Resultats-Entwicklung

Sie haben dieses Quiz noch nicht gespielt